Normal view
MARC view
- White, Lee Anne
Entry Personal Name
001 - CONTROL NUMBER
- control field: 119406
003 - CONTROL NUMBER IDENTIFIER
- control field: NUST
005 - DATE AND TIME OF LATEST TRANSACTION
- control field: 20231130155329.0
008 - FIXED-LENGTH DATA ELEMENTS
- fixed length control field: 231130|| aca||aabn | a|a d
040 ## - CATALOGING SOURCE
- Original cataloging agency: NUST
- Transcribing agency: NUST
100 ## - HEADING--PERSONAL NAME
- Personal name: White, Lee Anne
670 ## - SOURCE DATA FOUND
- Source citation: Work cat.: (NUST)2154: White, Lee Anne., Pool idea book /, c2004.
